000 00460nam a2200145Ia 4500
003 OSt
005 20260129103921.0
008 211028s2018 xx 000 0 und d
040 _cAIMIT LIBRARY
041 _aeng
100 _aMoger, Jayashree; Nazareth, Teresa.
_g1616065
_97821
245 _aEmployee motivation analysis: a case study with reference to Shri Devi cashew industry Bhatkal /
260 _aMangalore
_bTeresa Nazareth.
_c2018
942 _2ddc
_cPRO
999 _c219389
_d219389